Представление документа в формате RUSMARC

ПолеНазваниеЗначение
  Тип записи a
  Библиографический уровень m
001 Контрольный номер UONB/MAIN/3ade5f1d22b6423787181ddc595fa687
005 Дата корректировки 20260327091436.3
010 Индекс ISBN __
d Цена 7 р. 20 к.
9 Тираж 3500 экз.
b Уточнения в пер.
100 Данные общей обработки __
a Данные общей обработки 20260327d1951 u u0rusy0189 ca
101 Язык документа 0_
a Язык текста rus
102 Страна публикации __
a Страна публикации RU
105 Кодированные данные (монография) __
a Кодированные данные (монография) y z 001yy
200 Заглавие и сведения об ответственности 1_
a Заглавие Режим международной опеки
f Первые сведения об ответственности В. М. Шуршалов
203 Вид содержания и тип средства __
a Вид содержания Текст
b Характеристика содержания визуальный
c Тип средства непосредственный
210 Выходные данные 1_
a Место издания Москва
c Издательство Госюриздат
d Дата издания 1951
215 Физическое описание __
a Объем 192 с.
d Формат 22 см
320 Библиография __
a Библиография Библиогр. в подстроч. примеч.
606 Тематические рубрики 0_
a Основная рубрика Международная опека
606 Тематические рубрики 0_
a Основная рубрика Колониальный вопрос после второй мировой войны
610 Ключевые слова 0_
a Ключевые слова международная опека; колониальный вопрос после второй мировой войны
675 Индекс УДК __
a Индекс УДК 341.9
686 Индексы других классификаций __
a Классификационный индекс 67.624
2 Код системы rubbk
700 Автор _1
a Фамилия Шуршалов
b Имя (инициалы) В. М.
g Полное личное имя Владимир Михайлович
801 Источник записи _0
a Страна RU
b Организация Ульяновская ОНБ
c Дата составления 20260327
g Правила каталогизации RCR
801 Источник записи _1
a Страна RU
b Организация Ульяновская ОНБ
c Дата составления 20260327
g Правила каталогизации RCR
901 Тип документа __
t Тип документа m
909 Создатель записи __
a Создатель записи Горбункова
b Дата создания записи 20260327